|
|
|
|
| LEADER |
00916cam a2200253 a 4500 |
| 001 |
0000098423 |
| 005 |
20080825090000.0 |
| 040 |
|
|
|a mod
|
| 041 |
|
|
|a eng
|
| 020 |
0 |
0 |
|a 9781845113117
|
| 090 |
0 |
0 |
|a 956.94054086
|b PAL
|e 2007
|
| 245 |
0 |
0 |
|a Palestinian refugees
|b challenges of repatriation and development
|c edited by Rex Brynen and Roula El Rifai
|
| 260 |
0 |
0 |
|a London
|b Tauris
|c 2007
|
| 300 |
0 |
0 |
|a xx, 242 p.
|c 23 cm
|
| 440 |
0 |
0 |
|a Library of modern Middle East studies
|
| 504 |
0 |
0 |
|a Includes bibliographical references and index
|
| 650 |
0 |
0 |
|a Refugees, Palestinian Arab
|x Social conditions
|
| 650 |
0 |
0 |
|a Refugees
|x Palestine
|x Social conditions
|
| 650 |
0 |
0 |
|a Repatriation
|z Palestine
|
| 700 |
1 |
1 |
|a Brynen
|h Rex
|
| 700 |
1 |
1 |
|a El-Rifai
|h Roula
|
| 852 |
0 |
0 |
|a 01
|
| 999 |
|
|
|a 0269798
|b KD Malaya
|d BOOKS
|e Umum
|f KD MALAYA
|j AVAILABLE
|q GOOD CONDITION
|
| 999 |
|
|
|a 0272568
|b KEMENTAH
|d BOOKS
|e Umum
|f Perpustakaan KEMENTAH
|j AVAILABLE
|q GOOD CONDITION
|